| 000 | 00417nam a2200157Ia 4500 | ||
|---|---|---|---|
| 008 | 210210b1985 xxu||||| |||| 00| 0 eng d | ||
| 020 | _a0 947766 01 4 | ||
| 082 | _a796.35805 WOOW | ||
| 100 | _aWOODCOCK (John), Ed. | ||
| 245 | _aWisden: Cricketers' almanack. | ||
| 260 |
_aLondon _bJohn Wisden & co ltd., _c1985 |
||
| 300 | _a1280 | ||
| 650 | _aCricketers | ||
| 690 | _aAthletic & Outdoor Sports | ||
| 906 | _a037030 | ||
| 999 |
_c87318 _d87318 |
||